<?xml version="1.0" encoding="UTF-8"?>
<record
    xmlns:xsi="http://www.w3.org/2001/XMLSchema-instance"
    xsi:schemaLocation="http://www.loc.gov/MARC21/slim http://www.loc.gov/standards/marcxml/schema/MARC21slim.xsd"
    xmlns="http://www.loc.gov/MARC21/slim">

  <leader>03882nam a2200469 a 4500</leader>
  <controlfield tag="003">CHAP</controlfield>
  <controlfield tag="005">20240905142005.0</controlfield>
  <controlfield tag="007">cr ||||||a|c|a</controlfield>
  <controlfield tag="008">101020s2010    mx      r     00010 spa d</controlfield>
  <datafield tag="035" ind1=" " ind2=" ">
    <subfield code="a">111132</subfield>
  </datafield>
  <datafield tag="040" ind1=" " ind2=" ">
    <subfield code="c">CHAP</subfield>
  </datafield>
  <datafield tag="090" ind1=" " ind2=" ">
    <subfield code="a">Tesis</subfield>
  </datafield>
  <datafield tag="100" ind1="1" ind2=" ">
    <subfield code="a">Isaac Calvillo, Jos&#xE9;.</subfield>
    <subfield code="9">60531</subfield>
  </datafield>
  <datafield tag="245" ind1="1" ind2="0">
    <subfield code="a">An&#xE1;lisis del programa de conservaci&#xF3;n y restauraci&#xF3;n de la CONAFOR</subfield>
    <subfield code="c">/por Jos&#xE9; Isaac Calvillo</subfield>
  </datafield>
  <datafield tag="264" ind1=" " ind2=" ">
    <subfield code="a">Chapingo, M&#xE9;x. :</subfield>
    <subfield code="b">El autor,</subfield>
    <subfield code="c">2010.</subfield>
  </datafield>
  <datafield tag="300" ind1=" " ind2=" ">
    <subfield code="a">1 recurso en l&#xED;nea (51 p&#xE1;ginas).</subfield>
  </datafield>
  <datafield tag="336" ind1=" " ind2=" ">
    <subfield code="2">rdacontent</subfield>
    <subfield code="a">texto</subfield>
    <subfield code="b">txt</subfield>
  </datafield>
  <datafield tag="337" ind1=" " ind2=" ">
    <subfield code="2">rdamedia</subfield>
    <subfield code="a">computadora</subfield>
    <subfield code="b">c</subfield>
  </datafield>
  <datafield tag="338" ind1=" " ind2=" ">
    <subfield code="2">rdacarrier </subfield>
    <subfield code="a">recursos en linea</subfield>
    <subfield code="b">cr</subfield>
  </datafield>
  <datafield tag="502" ind1=" " ind2=" ">
    <subfield code="c">Suelos</subfield>
    <subfield code="d">2021.</subfield>
    <subfield code="g">LIC</subfield>
    <subfield code="b">IPMRNR</subfield>
  </datafield>
  <datafield tag="520" ind1=" " ind2=" ">
    <subfield code="a">En este trabajo se analizan los diferentes esquemas en que ha operado el programa de conservaci&#xF3;n y restauraci&#xF3;n de la CONAFOR en el Estado de Aguascalientes, esto con la intenci&#xF3;n de detectar las ventajas y las desventajas que ha presentado para cada situaci&#xF3;n. Para alcanzar este objetivo se revisaron documentos esencialmente relacionados con la normatividad en base a la cual se oper&#xF3; el programa desde el a&#xF1;o 2002 y hasta el 2009. En dicha revisi&#xF3;n, esencialmente se detect&#xF3; que la parte m&#xE1;s vulnerable para la operaci&#xF3;n del programa se presenta en la etapa de realizaci&#xF3;n de los trabajos (obras de conservaci&#xF3;n de suelos) caracterizada por la capacitaci&#xF3;n para la realizaci&#xF3;n de la obra, la georeferenciaci&#xF3;n del predio y el seguimiento a los trabajos que se apoyan con subsidios. Inicialmente esta parte era desarrollada por el personal de la CONAFOR, sin embargo, al paso del tiempo las metas de superficie de trabajo se han incrementado y con la finalidad de mejorar el proceso se otorg&#xF3; esta tarea a prestadores de servicios t&#xE9;cnicos forestales como ya lo ven&#xED;a realizando el Programa de Desarrollo Forestal (PRODEFOR) a&#xF1;os atr&#xE1;s. Sin embargo, se detect&#xF3; que esto no ha mejorado dicho proceso y contrariamente ha disminuido la calidad en la realizaci&#xF3;n de trabajos en campo y por ello se deben plantear mejoras en determinados rubros de la operaci&#xF3;n de los programas. Los documentos que se revisaron relacionados con la operaci&#xF3;n del programa ya mencionado son los lineamientos de los a&#xF1;os 2002 y 2003 y reglas de operaci&#xF3;n a partir de 2004 a 2009. Se analizaron las diferentes etapas del proceso compuesto esencialmente por elecci&#xF3;n o definici&#xF3;n de predios, solicitudes de apoyo, otorgamiento de subsidios, georeferenciaci&#xF3;n de predios, capacitaci&#xF3;n para la realizaci&#xF3;n de obras, seguimiento y finiquito. Dentro de los que se detectaron detrimentos en su desarrollo se pueden mencionar la elecci&#xF3;n de predios, georeferenciaci&#xF3;n, en la capacitaci&#xF3;n para la realizaci&#xF3;n de obras y seguimiento a los trabajos. Se plantea la necesidad de revisar esta parte del proceso y se definen algunas recomendaciones para la mejora del mismo.</subfield>
  </datafield>
  <datafield tag="590" ind1=" " ind2=" ">
    <subfield code="a">ALEPH</subfield>
    <subfield code="b">10</subfield>
    <subfield code="c">20130110</subfield>
  </datafield>
  <datafield tag="590" ind1=" " ind2=" ">
    <subfield code="a">BATCH-UPD</subfield>
    <subfield code="b">10</subfield>
    <subfield code="c">20130110</subfield>
  </datafield>
  <datafield tag="590" ind1=" " ind2=" ">
    <subfield code="a">BATCH-UPD</subfield>
    <subfield code="b">10</subfield>
    <subfield code="c">20130410</subfield>
  </datafield>
  <datafield tag="590" ind1=" " ind2=" ">
    <subfield code="a">BATCH-UPD</subfield>
    <subfield code="b">10</subfield>
    <subfield code="c">20130914</subfield>
  </datafield>
  <datafield tag="590" ind1=" " ind2=" ">
    <subfield code="a">BATCH-UPD</subfield>
    <subfield code="b">10</subfield>
    <subfield code="c">20140324</subfield>
  </datafield>
  <datafield tag="590" ind1=" " ind2=" ">
    <subfield code="a">BATCH-UPD</subfield>
    <subfield code="b">10</subfield>
    <subfield code="c">20141002</subfield>
  </datafield>
  <datafield tag="590" ind1=" " ind2=" ">
    <subfield code="a">CONVERSION</subfield>
    <subfield code="b">10</subfield>
    <subfield code="c">20130109</subfield>
  </datafield>
  <datafield tag="650" ind1="0" ind2="4">
    <subfield code="a">Forestaci&#xF3;n</subfield>
    <subfield code="x">Aguascalientes.</subfield>
    <subfield code="9">42341</subfield>
  </datafield>
  <datafield tag="650" ind1="0" ind2="4">
    <subfield code="a">Recursos naturales</subfield>
    <subfield code="x">Aprovechamiento</subfield>
    <subfield code="z">Aguascalientes.</subfield>
    <subfield code="9">95193</subfield>
  </datafield>
  <datafield tag="650" ind1="0" ind2="4">
    <subfield code="a">Recursos naturales</subfield>
    <subfield code="x">Conservaci&#xF3;n</subfield>
    <subfield code="z">Aguascalientes.</subfield>
    <subfield code="9">95257</subfield>
  </datafield>
  <datafield tag="650" ind1="0" ind2="4">
    <subfield code="a">Recursos naturales</subfield>
    <subfield code="x">Utilizaci&#xF3;n.</subfield>
    <subfield code="9">95321</subfield>
  </datafield>
  <datafield tag="650" ind1="0" ind2="4">
    <subfield code="a">Reforestaci&#xF3;n</subfield>
    <subfield code="x">Aguascalientes.</subfield>
    <subfield code="9">95475</subfield>
  </datafield>
  <datafield tag="700" ind1="0" ind2=" ">
    <subfield code="a">G&#xF3;mez D&#xED;az, Jes&#xFA;s David</subfield>
    <subfield code="9">49677</subfield>
    <subfield code="e">Director de tesis</subfield>
  </datafield>
  <datafield tag="856" ind1=" " ind2=" ">
    <subfield code="u">http://10.13.5.2/tesis/111132.pdf</subfield>
    <subfield code="z">DESCARGAR PDF</subfield>
  </datafield>
  <datafield tag="901" ind1=" " ind2=" ">
    <subfield code="a">BK</subfield>
  </datafield>
  <datafield tag="942" ind1=" " ind2=" ">
    <subfield code="c">TD</subfield>
    <subfield code="2">Clasificaci&#xF3;n Universidad Aut&#xF3;noma Chapingo</subfield>
  </datafield>
  <datafield tag="949" ind1=" " ind2=" ">
    <subfield code="b">BC</subfield>
    <subfield code="c">TES</subfield>
    <subfield code="d">33724002211264</subfield>
    <subfield code="e">TS1</subfield>
    <subfield code="g">Donaci&#xD8;n</subfield>
    <subfield code="h">51169</subfield>
    <subfield code="i">111132</subfield>
    <subfield code="s">b</subfield>
  </datafield>
  <datafield tag="949" ind1=" " ind2=" ">
    <subfield code="b">BC</subfield>
    <subfield code="c">TES</subfield>
    <subfield code="d">33724002211306</subfield>
    <subfield code="e">TS2</subfield>
    <subfield code="f">c.2</subfield>
    <subfield code="g">Donaci&#xD8;n</subfield>
    <subfield code="h">51170</subfield>
    <subfield code="i">111132</subfield>
    <subfield code="s">b</subfield>
  </datafield>
  <datafield tag="999" ind1=" " ind2=" ">
    <subfield code="c">99474</subfield>
    <subfield code="d">99474</subfield>
  </datafield>
  <datafield tag="952" ind1=" " ind2=" ">
    <subfield code="0">0</subfield>
    <subfield code="1">0</subfield>
    <subfield code="2">local</subfield>
    <subfield code="4">0</subfield>
    <subfield code="5">1</subfield>
    <subfield code="7">0</subfield>
    <subfield code="8">TesDigL</subfield>
    <subfield code="a">BD</subfield>
    <subfield code="b">BD</subfield>
    <subfield code="c">E_L</subfield>
    <subfield code="d">2019-12-31</subfield>
    <subfield code="l">0</subfield>
    <subfield code="o">Tesis digital</subfield>
    <subfield code="r">2019-12-31 00:00:00</subfield>
    <subfield code="w">2019-12-31</subfield>
    <subfield code="y">TD</subfield>
  </datafield>
</record>
